Statystyki dla Regiony Hiszpanii - Quiz na mapie

Kliknij tutaj aby rozwiązać quiz!

Ogólne statystyki

  • Ten quiz został rozwiązany 20 710 razy
  • Średni wynik to 8 z 17

Odpowiedzi na mapie

Odpowiedzi skodowane kolorowo w zielono-czerwonej skali na mapie do tego quizu, zgodnie z poniższymi procentami.
 

Statystyki odpowiedzi

Odpowiedź% Poprawnych
Katalonia
82%
Wyspy Kanaryjskie
75%
Madryt
70%
Baleary
56%
Galicja
55%
Kraj Basków
55%
Andaluzja
52%
Walencja
48%
Kastylia i León
41%
Aragonia
35%
Murcja
35%
Kastylia-La Mancha
33%
Asturia
27%
Nawarra
24%
Extremadura
23%
La Rioja
23%
Kantabria
20%

Rozkład punktacji

Percentyl według liczby udzielonych odpowiedzi

Procent ludzi z każdym wynikiem

Twoja historia wyników

Nie rozwiązałeś tego quizu